000
00301nam a22001337a 4500
008
170911b xxu||||| |||| 00| 0 eng d
020
_a
9780910155120
041
_a
eng
080
_a
53
100
_a
43
101
_a
FIZ
245
_a
LIVING YOUNGER A PHYSICIAN'S FORMULA
_c
HEAD,M
942
_2
udc
_c
BK
999
_c
27128
_d
27128